Urugwajscy sportowcy - nagła śmierć - Statystyki

Ogólne statystyki
  • Ten quiz został rozwiązany 42 razy
  • Średni wynik to 5 z 10
Answers on the Grid
Answers color-coded by a green-red scale on the quiz's grid according to % correct below.
Luis Suárez
Ángel Di María
Giovani dos Santos
Edinson Cavani
Luciano De Cecco
Diego Forlán
Federico Valverde
Carlos Alcaraz
Diego Godín
Nicolás Otamendi
Julia Paternain
Éver Banega
Andrés Silva
Jiří Procházka
David Silva
Pablo Cuevas
Marcelo Filippini
Pau Gasol
Déborah Rodríguez
Maximiliano Rodríguez
 
Statystyki odpowiedzi
Odpowiedź % Poprawnych
Luis Suárez
100%
Diego Forlán
85%
Edinson Cavani
82%
Federico Valverde
79%
Diego Godín
74%
Pablo Cuevas
32%
Déborah Rodríguez
24%
Julia Paternain
12%
Marcelo Filippini
12%
Andrés Silva
9%
Nie znaleziono quizów pasujących do podanych kryteriów
Rozkład punktacji
Procent ludzi z każdym wynikiem
Percentyl według liczby udzielonych odpowiedzi
Twoja historia wyników
Nie rozwiązałeś tego quizu